000 01513nam a22003017a 4500
001 00118
003 DO-SdBNP
005 20231027121207.0
007 00118
008 160321b 2007 ag ||||| |||| 00| 0 spa d
020 _a9788420471839
040 _aBPMSU
_bspa
_cBPMSU
082 4 _aCo863.44
_bG216c, 2007
100 1 _aGarcía Márquez, Gabriel,
_d1927-2014
245 1 0 _aCien años de soledad /
_cGabriel García Márquez
250 _aedición conmemorativa
260 _aBuenos Aires :
_bReal Academia Española ; Asociación de Academias de la Lengua Española : Alfaguara,
_c2007
300 _acxxxviii, 609 p. :
_b il. ;
_c21 cm.
500 _aGlosario : p. 551-596.
500 _aTexto revisado por el autor para esta edición - Portada.
504 _aIncluye bibliografía.
505 _aLo que sé de Gabriel / Alvaro Mutis ; Para darle nombra a América / Carlos Fuentes ; Cien años de soledad. Realidad total, novela total / Mario Vargas Llosa ; Gabriel García Márquez, en busca de la verdad poética / Víctor García de la Concha ; Algunas literariedades de Cien años de soledad / Claudio Guillén ; García Márquez y Cien años de soledad en la novela hispanoamericana / Pedro Luis Barcia, Juan Gustavo Cobo Borda, Gonzalo Celorio, Sergio Ramírez. --Bibliografía utilizada --Glosario--Nombres.
650 _aNOVELA COLOMBIANA
650 _aLITERATURA COLOMBIANA
942 _2ddc
_cBK
945 _aInventariado, 2017/MFF
956 _aVMATEO
_2
_b10
_c20160621
_dBPMSU
_f0069
999 _c10461
_d10461